LEADER 01496nam 2200421 450 001 000011688 005 20050718115400.0 010 $a3-519-02209-5 100 $a20020920d1976----km-y0itay0103----ba 101 0 $aeng 102 $aDE 200 1 $aReal variable and integration$ewith historical notes$fby John J. Benedetto 210 $cB. G. Teubner Stuttgart$d1976 215 $a278 p.$d23 cm. 225 1 $aMathematical Leitfäden 606 $aCalcolo integrale 606 $aFunzioni di variabile reale 676 $a515.42$v(20. ed.)$9Calcolo integrale ed equazioni integrali. Teoria della misura e dell'integrazione 676 $a515.8$v(20. ed.)$9Analisi. Funzioni di variabile reale 691 $a26-xx$9Real functions 691 $a28-xx$9Measure and integration 700 1$aBenedetto,$bJohn J.$054402 801 0$aIT$bUniversità della Basilicata - B.I.A.$gRICA$2unimarc 912 $a000011688 996 $aReal variable and integration$979522 997 $aUNIBAS BAS $aMONSCI BAS $aMONOGR BAS $aSCIENZE CAT $aEXT002$b01$c20020920$lBAS01$h1258 CAT $aSTD037$b01$c20041018$lBAS01$h1248 CAT $c20050601$lBAS01$h1754 CAT $abatch$b01$c20050718$lBAS01$h1051 CAT $c20050718$lBAS01$h1110 CAT $c20050718$lBAS01$h1140 CAT $c20050718$lBAS01$h1154 FMT Z30 -1$lBAS01$LBAS01$mBOOK$1BASA5$ADipartimento Matematica$2GEN$BCollezione generale$3MAT$6834$5M834$820020920$f51$FRiservati LEADER 01124nam a2200265 i 4500 001 991003614899707536 008 080512s2008 it 000 0 ita d 020 $a8814138966 020 $a9788814138966 035 $ab13724459-39ule_inst 040 $aDip.to Studi Giuridici$bita 082 0 $a343.4504 100 1 $aSantamaria, Baldassarre$0145267 245 10$aDiritto tributario :$bparte generale : fonti, principi costituzionali, accertamento e ispezioni, sistema sanzionatorio, processo tributario /$cBaldassarre Santamaria 250 $a6. ed 260 $aMilano :$bGiuffrè,$c2008 300 $axiv, 498 p. ;$c24 cm 650 04$aDiritto tributario$vManuali 907 $a.b13724459$b02-04-14$c12-05-08 912 $a991003614899707536 945 $aLE025 ECO 343 SAN02.02 2008$g1$i2025000227552$lle025$o-$pE34.00$q-$rl$s- $t0$u10$v5$w10$x0$y.i14992735$z21-07-09 945 $aLE027 343.04 SAN01.01$g1$i2027000185214$lle027$o-$pE34.00$q-$rl$s- $t0$u6$v5$w6$x0$y.i14794895$z07-07-08 996 $aDiritto tributario$9225215 997 $aUNISALENTO 998 $a(2)le025$a(2)le027$b12-05-08$cm$da $e-$fita$git $h0$i4